Prehľad peňažných tokov (Statement of Cash Flows)

Príspevok pokračuje prehľadom peňažných tokov z prevádzkovej činnosti. Tie sa môžu vykazovať priamou alebo nepriamou metódou. Priama metóda vykazovania peňažných tokov z prevádzkovej činnosti má dva varianty (čistá priama metóda a modifikovaná priama metóda). Pri použití čistej priamej metódy si kaž...

Ausführliche Beschreibung

Gespeichert in:
Bibliographische Detailangaben
1. Verfasser: Šlosárová, Anna
Format: Buchkapitel
Sprache:Slowakisch
Schlagworte:
Tags: Tag hinzufügen
Keine Tags, Fügen Sie das erste Tag hinzu!

MARC

LEADER 00000naa a2200000 4500
001 0128191
005 20240502072449.7
041 0 |a slo 
044 |a SK 
245 1 0 |a Prehľad peňažných tokov (Statement of Cash Flows)  |c Anna Šlosárová 
520 |a Príspevok pokračuje prehľadom peňažných tokov z prevádzkovej činnosti. Tie sa môžu vykazovať priamou alebo nepriamou metódou. Priama metóda vykazovania peňažných tokov z prevádzkovej činnosti má dva varianty (čistá priama metóda a modifikovaná priama metóda). Pri použití čistej priamej metódy si každá účtovná jednotka volí štruktúru peňažných tokov v nadväznosti na charakter svojej činnosti, pričom údaje získava z vhodne členených účtov peňažných prostriedkov. 
610 2 0 |a cash flow 
610 2 0 |a účtovníctvo podvojné 
610 2 0 |a výkaz ziskov a strát 
610 2 0 |a prostriedky peňažné 
100 1 |a Šlosárová, Anna